| 000 | 02672cam a2200337 i 4500 | ||
|---|---|---|---|
| 005 | 20220407143612.0 | ||
| 008 | 200219t20212021enk ob 001 0 eng | ||
| 010 | _a 2020003902 | ||
| 020 | _a9780367859824 | ||
| 040 |
_aDLC _beng _cDLC _erda _dDLC |
||
| 042 | _apcc | ||
| 050 | 0 | 0 | _aHD60 |
| 082 | 0 | 0 |
_a174.9363 _22 _bCHAD |
| 100 | 1 |
_aChandler, David, _d1969- _928277 |
|
| 245 | 1 | 0 |
_aSustainable value creation / _cBy David Chandler. |
| 250 | _a2nd ed. | ||
| 260 |
_aNew York : _bRoutledge , _c2021 |
||
| 300 |
_axiii,128p. ; _c23.5 cm |
||
| 336 |
_atext _btxt _2rdacontent |
||
| 337 |
_acomputer _bc _2rdamedia |
||
| 338 |
_aonline resource _bcr _2rdacarrier |
||
| 504 | _aIncludes bibliographical references and index. | ||
| 520 |
_a"The goal of this book is to define Sustainable Value Creation in terms of a set of principles that differentiate it from existing definitions of CSR, and from related concepts such as sustainability and business ethics. To internalize these ten principles is to understand how the firm can respond to stakeholder needs to optimize value creation over the medium to long term. Ultimately, this second edition book aims to reform both business practice and business education. By building a theory that redefines CSR as central to the value creation process, the ten principles of Sustainable Value Creation redefine how firms approach each of their operational functions, but also how these subjects should be taught in universities worldwide. As such, this book will hopefully be of value to instructors as a complement to their teaching, students as a guide in their education, and managers as a framework to help them respond to the complex, dynamic context that they are expected to navigate every day. This book is a manifesto for success in today's complex, dynamic business environment. The book is designed as an easy-to-digest, critical introductory text to CSR. With supporting online teaching resources, it is aimed primarily at the MBA and Executive MBA market, and for CSR, sustainability, and business ethics courses taught by instructors skeptical of existing definitions and organizing principles of CSR, sustainability, or business ethics"-- _cProvided by publisher. |
||
| 588 | _aDescription based on print version record. | ||
| 650 | 0 |
_aSocial responsibility of business. _928278 |
|
| 650 | 0 |
_aValue. _928279 |
|
| 776 | 0 | 8 |
_iPrint version: _aChandler, David, 1969- _tSustainable value creation _dAbingdon, Oxon ; New York, NY : Routledge, 2020. _z9780367859817 _w(DLC) 2020003901 |
| 906 |
_a7 _bcbc _corignew _d1 _eecip _f20 _gy-gencatlg |
||
| 942 |
_2ddc _cBK _e2nd _k174.9363 CHAD |
||
| 999 |
_c222253 _d222253 |
||